World Of Tanks All French Tanks - Statistics

General Stats
  • This quiz has been taken 236 times
  • The average score is 20 of 49
Answer Stats
Tier and Type Tank % Correct
Tier 9 Td Foch
82%
Tier 10 Ht AMX 50 B
74%
Tier 9 Mt AMX 30
66%
Tier 8 Ht AMX 50 100
65%
Tier 10 Td Foch B
65%
Tier 9 Lt AMX 13 90
64%
Tier 9 Ht AMX 50 120
63%
Tier 7 Lt AMX 13 75
62%
Tier 10 Lt AMX 13 105
61%
Tier 4 Lt AMX 40
61%
Tier 6 Ht ARL 44
61%
Tier 10 Mt B-C 25 t
60%
Tier 10 Mt AMX 30 B
58%
Tier 6 Lt AMX 12 t
56%
Tier 5 Lt AMX ELC bis
54%
Tier 4 Ht B1
54%
Tier 1 Lt Renault FT
48%
Tier 5 Ht BDR G1 B
43%
Tier 3 Lt AMX 38
42%
Tier 8 Lt B-C 12 t
42%
Tier 9 Mt B-C 25 t AP
40%
Tier 7 Ht AMX M4 45
38%
Tier 10 Spg B-C 155 58
37%
Tier 2 Lt D1
37%
Tier 3 Mt D2
37%
Tier 6 Td ARL V39
36%
Tier 9 Spg B-C 155 55
36%
Tier 4 Td SAu 40
36%
Tier 8 Td AMX AC 48
33%
Tier 2 Lt R35
33%
Tier 7 Td AMX AC 46
31%
Tier 8 Mt Pr AMX CDC
31%
Tier 3 Mt Somua S35
31%
Tier 6 Spg AMX 13 F3
29%
Tier 2 Lt H35
29%
Tier 3 Td UE 57
29%
Tier 8 Ht Pr FCM 50 t
28%
Tier 5 Td S35 Ca
28%
Tier 2 Td FT AC
23%
Tier 2 Lt FCM 36
21%
Tier 8 Spg Lorraine 155 51
19%
Tier 8 Mt Pr M4A1 rev.
19%
Tier 5 Spg AMX 13 AM
18%
Tier 5 Mt G1 R
18%
Tier 4 Spg AMX 105 AM
17%
Tier 2 Spg FT BS
17%
Tier 4 Mt SARL 42
17%
Tier 3 Spg Lorraine 39L AM
13%
Tier 7 Spg Lorraine 150 50
4%
No matching quizzes found
Score Distribution
Percent of People with Each Score
Percentile by Number Answered
Your Score History
You have not taken this quiz